000 00546nam a22002057a 4500
003 OSt
005 20140310182834.0
008 130605t xxu||||| |||| 00| 0 eng d
020 _a9788183565080
050 _aQH 308.2
_b.K96 2010
082 _aM 574
_bK96 2010
245 _aUnderstanding biology /
_cKumar, Ashok
260 _aNew Delhi, India :
_bDiscovery Pub.; Inc,
_c2010
300 _a334 p. :
_bill. ;
_c24 cm.
521 _acollege students
526 _c1210L-1700L
541 _j1
562 _e1
942 _2lcc
_cBK
_kM
999 _c16708
_d16708